Los juicios por crímenes de lesa humanidad : (Registro nro. 173192)

Detalles MARC
000 -LEADER
fixed length control field 01293nam a22003611i 4500
001 - CONTROL NUMBER
control field bslw10106197
006 - FIXED-LENGTH DATA ELEMENTS--ADDITIONAL MATERIAL CHARACTERISTICS--GENERAL INFORMATION
fixed length control field m o d
007 - PHYSICAL DESCRIPTION FIXED FIELD--GENERAL INFORMATION
fixed length control field cr un ---uuuua
008 - FIXED-LENGTH DATA ELEMENTS--GENERAL INFORMATION
fixed length control field 231122s2019 ag d ob 000 0 spa d
020 ## - INTERNATIONAL STANDARD BOOK NUMBER
International Standard Book Number 9789873620539
035 ## -
-- 40261
040 ## - CATALOGING SOURCE
Original cataloging agency UtOrBLW
Language of cataloging eng
Description conventions rda
Transcribing agency UtOrBLW
043 ## -
-- s-ag---
050 #4 -
-- KHA133.A7
-- J85 2019
082 04 -
-- 341.69
-- 23
245 04 - TITLE STATEMENT
Title Los juicios por crímenes de lesa humanidad :
Remainder of title enseñanzas jurídico penales /
Statement of responsibility, etc Gabriel Ignacio Anitua, Alexis Álvarez Nakagawa, Mariano Gaitán, compilardores.
250 ## -
-- 1° ed. en español.
264 #1 -
-- CABA, Argentina :
-- Ediciones Didot,
-- [2019]
300 ## - PHYSICAL DESCRIPTION
Extent 1 online resource (314 pages) :
Other physical details charts
336 ## -
-- text
-- txt
-- rdacontent
337 ## -
-- computer
-- c
-- rdamedia
338 ## -
-- online resource
-- cr
-- rdacarrier
504 ## - BIBLIOGRAPHY, ETC. NOTE
Bibliography, etc Includes bibliographical references.
650 #0 - SUBJECT ADDED ENTRY--TOPICAL TERM
Topical term or geographic name as entry element Trials (Crimes against humanity)
Geographic subdivision Argentina.
650 #0 - SUBJECT ADDED ENTRY--TOPICAL TERM
Topical term or geographic name as entry element Human rights
Geographic subdivision Argentina.
650 #0 - SUBJECT ADDED ENTRY--TOPICAL TERM
Topical term or geographic name as entry element International criminal law
Geographic subdivision Argentina.
700 1# - ADDED ENTRY--PERSONAL NAME
Personal name Ignacio Anitua, Gabriel,
Relator term compiler.
700 1# - ADDED ENTRY--PERSONAL NAME
Personal name Alvarez Nakagawa, Alexis,
Relator term compiler.
700 1# - ADDED ENTRY--PERSONAL NAME
Personal name Gaitán, Mariano,
Relator term compiler.
856 40 - LOCALIZACIÓN Y ACCESO ELECTRÓNICO
Identificador Uniforme del Recurso (URI/URL) https://app.vlex.com/#/sources/40261
942 ## -
-- RAA
999 ## -
-- 173192
-- 173192

No hay ítems disponibles.


CONTACTO


NOSOTROS


SITIOS DE INTERES

coordinacion.biblioteca.biblioteca@unienlinea.mx Misión, Visión y Objetivos Bases de datos
Directorio Bibliotecas Digitales y Repositorios
Normatividad Revistas y artículos
Convenios interbibliotecarios
Boletines



Hecho en México. Universidad Insurgentes (UIN). Todos los derechos reservados 2024. Esta página y sus contenidos pueden ser reproducidos con fines no lucrativos, siempre y cuando no se mutile, se cite la fuente completa y su dirección electrónicas. De otra forma requiere permiso previo por escrito de la institución




2024 Copyright Universidad Insurgentes | www.bibliouin.com.mx